Statistics in survey sampling (Record no. 1715391)
[ view plain ]
| 000 -LEADER | |
|---|---|
| fixed length control field | 00263 a2200109 4500 |
| 000 - LEADER | |
| fixed length control field | nam a22 7a 4500 |
| 005 - DATE AND TIME OF LATEST TRANSACTION | |
| control field | 20260313151104.0 |
| 100 ## - MAIN ENTRY--PERSONAL NAME | |
| Personal name | Kim, Jae Kwang |
| 9 (RLIN) | 1132039 |
| 245 ## - TITLE STATEMENT | |
| Title | Statistics in survey sampling |
| 260 ## - PUBLICATION, DISTRIBUTION, ETC. | |
| Name of publisher, distributor, etc. | CRC Press |
| Date of publication, distribution, etc. | 2026 |
| 942 ## - ADDED ENTRY ELEMENTS (KOHA) | |
| Koha item type | Audio Visual Collection |
| Withdrawn status | Lost status | Source of classification or shelving scheme | Damaged status | Not for loan | Home library | Current library | Date acquired | Source of acquisition | Cost, normal purchase price | Total Checkouts | Date last seen | Cost, replacement price | Price effective from | Koha item type |
|---|---|---|---|---|---|---|---|---|---|---|---|---|---|---|
| Colon Classification (CC) | Central Science Library | Central Science Library | 2026-03-20 | 112 | 7727.36 | 2026-03-20 | 9659.20 | 2026-03-20 | Textual |
